[Event "Orsha open A 2019"]
[Site "Orsha"]
[Date "2019.01.23"]
[Round "8.7"]
[White "Runets, Ivan"]
[Black "Afonasieva, Anna"]
[Result "0-1"]
[WhiteElo "2118"]
[BlackElo "2265"]
[PlyCount "86"]
[EventDate "2019.01.18"]
[EventType "swiss"]
[EventRounds "9"]
[EventCountry "BLR"]

1. d4 d5 2. Nf3 Nf6 3. c4 c6 4. Nbd2 Bf5 5. e3 e6 6. Be2 Nbd7 7. O-O Bd6 8. b3
h6 9. Bb2 O-O 10. Ne5 Qe7 11. Ndf3 Ne4 12. Nxd7 Qxd7 13. Bd3 Bg4 14. Ne5 Bxe5
15. Qxg4 f5 16. Qe2 Bc7 17. f4 Nf6 18. c5 g5 19. Bc3 Qg7 20. Kh1 Kf7 21. b4 Rg8
22. a4 a6 23. Rab1 Ke7 24. Be1 Kd7 25. b5 axb5 26. axb5 gxf4 27. bxc6+ bxc6 28.
exf4 Ng4 29. Rb7 Ne3 30. Rg1 Qxd4 31. Bf2 Ra3 32. Bxe3 Qxd3 33. Qh5 Rg7 34.
Qxh6 Qc3 35. Rxc7+ Kxc7 36. Bd2 Qd4 37. Qxe6 Ra1 38. Qd6+ Kb7 39. Be1 Qe4 40.
Bg3 Rxg1+ 41. Kxg1 Qe3+ 42. Kf1 Re7 43. Qd8 Qc1+ 0-1

[Event "Orsha open A 2019"]
[Site "Orsha"]
[Date "2019.01.23"]
[Round "8.8"]
[White "Cherepov, Alexej"]
[Black "Silich, Yahor"]
[Result "1-0"]
[WhiteElo "2226"]
[BlackElo "2116"]
[PlyCount "53"]
[EventDate "2019.01.18"]
[EventType "swiss"]
[EventRounds "9"]
[EventCountry "BLR"]

1. d4 Nf6 2. c4 d6 3. Nf3 g6 4. Nc3 Bg7 5. e4 O-O 6. Be2 Nbd7 7. O-O e5 8. Qc2
c6 9. Rd1 Qe7 10. d5 c5 11. Bg5 h6 12. Bd2 Ne8 13. g3 f5 14. Nh4 Qf7 15. exf5
gxf5 16. f4 e4 17. g4 fxg4 18. Bxg4 Ndf6 19. Bxc8 Rxc8 20. Nxe4 Ng4 21. Ng3 Nc7
22. Nhf5 Rce8 23. h3 Nf6 24. Nxd6 Qd7 25. Nxe8 Qxh3 26. Nxf6+ Rxf6 27. Be1 1-0

[Event "Orsha open A 2019"]
[Site "Orsha"]
[Date "2019.01.23"]
[Round "8.9"]
[White "Egorenkov, Igor"]
[Black "Strybuk, Artsiom I"]
[Result "1/2-1/2"]
[WhiteElo "2213"]
[BlackElo "2110"]
[PlyCount "49"]
[EventDate "2019.01.18"]
[EventType "swiss"]
[EventRounds "9"]
[EventCountry "BLR"]

1. c4 e5 2. Nc3 Nf6 3. g3 Bb4 4. Bg2 O-O 5. e4 d6 6. Nge2 Nc6 7. O-O h6 8. d3
Bxc3 9. Nxc3 Nd4 10. h3 c6 11. Kh2 b5 12. f4 Bb7 13. Be3 bxc4 14. dxc4 c5 15.
f5 Qb6 16. Rf2 Qb4 17. Qd3 a5 18. a4 Ba6 19. Nb5 Bxb5 20. axb5 Qb3 21. Qxb3
Nxb3 22. Ra3 a4 23. g4 g5 24. Kg3 Nd7 25. h4 1/2-1/2

[Event "Orsha open A 2019"]
[Site "Orsha"]
[Date "2019.01.23"]
[Round "8.10"]
[White "Papunidi, Matvey"]
[Black "Siniauski, Artsiom"]
[Result "1/2-1/2"]
[WhiteElo "2113"]
[BlackElo "2182"]
[PlyCount "64"]
[EventDate "2019.01.18"]
[EventType "swiss"]
[EventRounds "9"]
[EventCountry "BLR"]

1. d4 Nf6 2. Nf3 e6 3. c4 b6 4. e3 Bb7 5. Nc3 Bb4 6. Bd2 O-O 7. Ne4 Bxd2+ 8.
Nexd2 c5 9. dxc5 bxc5 10. Be2 Qb6 11. O-O Nc6 12. Qc2 Rab8 13. b3 Rfd8 14. Rfd1
a5 15. h3 d6 16. g4 Nb4 17. Qc3 d5 18. a3 Na6 19. cxd5 exd5 20. g5 d4 21. Nc4
Nd5 22. Qxa5 Qe6 23. Rac1 Re8 24. Nce5 Nc3 25. Rxc3 Bxf3 26. Nxf3 dxc3 27. Qxa6
Qxh3 28. Qc4 $11 h6 29. g6 Re6 30. gxf7+ Kh8 31. Nh4 c2 32. Rc1 Rf6 1/2-1/2

[Event "Orsha open A 2019"]
[Site "Orsha"]
[Date "2019.01.24"]
[Round "9.1"]
[White "Lazavik, Denis"]
[Black "Moskalenko, Alexander"]
[Result "1/2-1/2"]
[WhiteElo "2296"]
[BlackElo "2517"]
[PlyCount "38"]
[EventDate "2019.01.18"]
[EventType "swiss"]
[EventRounds "9"]
[EventCountry "BLR"]

1. d4 e6 2. c4 Nf6 3. Nf3 Bb4+ 4. Bd2 c5 5. Bxb4 cxb4 6. g3 b6 7. Bg2 Bb7 8.
O-O O-O 9. a3 bxa3 10. Rxa3 Qc7 11. Nbd2 a5 12. Qb1 d6 13. e4 e5 14. d5 Na6 15.
Ne1 Nc5 16. Nc2 a4 17. Ne3 Ra5 18. f4 Nfd7 19. Nf5 Re8 1/2-1/2

[Event "Orsha open A 2019"]
[Site "Orsha"]
[Date "2019.01.24"]
[Round "9.2"]
[White "Fedorov, Alexei"]
[Black "Zabotin, Alexander"]
[Result "1-0"]
[WhiteElo "2557"]
[BlackElo "2484"]
[PlyCount "87"]
[EventDate "2019.01.18"]
[EventType "swiss"]
[EventRounds "9"]
[EventCountry "BLR"]

1. e4 c5 2. d3 Nc6 3. g3 g6 4. Bg2 Bg7 5. f4 d6 6. Nf3 Nf6 7. O-O O-O 8. Nc3
Nd4 9. h3 Nd7 10. g4 b5 11. Nxd4 Bxd4+ 12. Kh1 b4 13. Ne2 Bg7 14. a3 bxa3 15.
Rxa3 Bb7 16. f5 e6 17. Bf4 Ne5 18. Qd2 Qe7 19. b4 exf5 20. gxf5 d5 21. exd5
cxb4 22. Ra5 Nd7 23. Rb1 Rfe8 24. Rxb4 Nf6 25. Ng3 Rac8 26. c4 a6 27. Rb1 Qd7
28. Qb4 Ba8 29. Rxa6 Nxd5 30. cxd5 Bxd5 31. Qd6 Bxg2+ 32. Kxg2 Rc2+ 33. Kf3
Qxd6 34. Rxd6 Rh2 35. f6 Bf8 36. Rdb6 Bc5 37. R6b2 Rxb2 38. Rxb2 Bd4 39. Rb8
Rxb8 40. Bxb8 Bxf6 41. Ke4 Bb2 42. Be5 f5+ 43. Kd5 Bc1 44. Ne2 1-0

[Event "Orsha open A 2019"]
[Site "Orsha"]
[Date "2019.01.24"]
[Round "9.3"]
[White "Krylov, Ivan"]
[Black "Grishchenko, Sergey"]
[Result "1/2-1/2"]
[WhiteElo "2441"]
[BlackElo "2409"]
[PlyCount "125"]
[EventDate "2019.01.18"]
[EventType "swiss"]
[EventRounds "9"]
[EventCountry "BLR"]

1. d4 d5 2. c4 e6 3. Nf3 c5 4. cxd5 exd5 5. g3 Nc6 6. Bg2 Nf6 7. O-O Be7 8. Nc3
O-O 9. b3 Ne4 10. Bb2 Bf6 11. Na4 cxd4 12. Nxd4 Bd7 13. Rc1 Rc8 14. Nc5 Re8 15.
e3 Nxd4 16. Bxd4 Bb5 17. Re1 Nxc5 18. Bxc5 b6 19. Bd4 Rxc1 20. Qxc1 Bxd4 21.
exd4 Rxe1+ 22. Qxe1 Qd6 23. h4 f6 24. Qc3 Bd7 25. Bf3 Bf5 26. b4 Bd7 27. Kg2
Kf7 28. Qd3 g6 29. Qa6 Qxb4 30. Qxa7 Ke7 31. Bxd5 Qxd4 32. Bc6 Qd6 33. Bxd7
Qxd7 34. Qxb6 Qd5+ 35. Kg1 Qxa2 36. Qc7+ Ke6 37. Qxh7 Qa1+ 38. Kg2 Qa8+ 39. Kh2
Qf3 40. Qa7 Qd1 41. Qb7 Qf1 42. Qb6+ Ke7 43. g4 Kf7 44. Qd4 Qb5 45. Kg3 Qb3+
46. Qe3 Qb8+ 47. Kh3 Qb1 48. Qf3 Kg7 49. Kg2 Qb5 50. Qe4 Kf7 51. Qf4 Kg7 52. g5
fxg5 53. hxg5 Qd3 54. Qe3 Qb1 55. Kg3 Kf7 56. Kf3 Qf5+ 57. Kg3 Qb1 58. f4 Qc2
59. Kf3 Qb1 60. Qc3 Qh1+ 61. Ke3 Qh3+ 62. Kd4 Qd7+ 63. Ke3 $11 1/2-1/2

[Event "Orsha open A 2019"]
[Site "Orsha"]
[Date "2019.01.24"]
[Round "9.4"]
[White "Zarubitski, Viachaslau"]
[Black "Cherepov, Alexej"]
[Result "1-0"]
[WhiteElo "2415"]
[BlackElo "2226"]
[PlyCount "109"]
[EventDate "2019.01.18"]
[EventType "swiss"]
[EventRounds "9"]
[EventCountry "BLR"]

1. e4 e5 2. Nf3 Nc6 3. Nc3 g6 4. d4 exd4 5. Nxd4 Bg7 6. Be3 d6 7. Qd2 Nf6 8. f3
O-O 9. O-O-O Re8 10. Nxc6 bxc6 11. Bc4 Be6 12. Bb3 Nd7 13. Bd4 Ne5 14. f4 c5
15. Bxe5 dxe5 16. Qf2 Qf6 17. Bxe6 fxe6 18. Qxc5 exf4 19. Rd7 f3 20. Rf1 Rad8
21. Rxf3 Qh4 22. Rxg7+ Kxg7 23. Qxc7+ Kg8 24. Qf7+ Kh8 25. b3 Qg5+ 26. Kb2 Qxg2
27. Qf6+ Kg8 28. Qf7+ Kh8 29. Qf6+ Kg8 30. e5 Rc8 31. Qf7+ Kh8 32. Qf6+ Kg8 33.
Qf7+ Kh8 34. Rd3 Rf8 35. Qxe6 Rce8 36. Qd7 Rxe5 37. Rh3 Rh5 38. Qd6 Rf2 39.
Rxh5 gxh5 40. Qb8+ Qg8 41. Qxa7 Rxh2 42. a4 Qg2 43. Qb8+ Kg7 44. Qe5+ Kf7 45.
Qf5+ Kg7 46. Nd5 Qf2 47. Qe5+ Kf7 48. Qe7+ Kg6 49. Qe4+ Kg5 50. a5 Rh4 51. Qe7+
Kg6 52. Qe6+ Kg5 53. Qe5+ Kg6 54. a6 Qf7 55. a7 1-0

[Event "Orsha open A 2019"]
[Site "Orsha"]
[Date "2019.01.24"]
[Round "9.5"]
[White "Shkalov, Oleg"]
[Black "Tihonov, Jurij"]
[Result "1/2-1/2"]
[WhiteElo "2225"]
[BlackElo "2399"]
[PlyCount "64"]
[EventDate "2019.01.18"]
[EventType "swiss"]
[EventRounds "9"]
[EventCountry "BLR"]

1. d4 d5 2. c4 c6 3. Nc3 dxc4 4. e3 b5 5. a4 b4 6. Ne4 Qd5 7. Nd2 c3 8. bxc3
bxc3 9. Nb1 e5 10. dxe5 Bb4 11. Qxd5 cxd5 12. Bb5+ Nd7 13. Ne2 c2+ 14. Nd2 Ne7
15. Ba3 Bxa3 16. Rxa3 O-O 17. Nf3 Ng6 18. Bxd7 Bxd7 19. Kd2 Rfc8 20. Ned4 a5
21. Rc1 Rc4 22. Rxc2 Rxa4 23. Rxa4 Bxa4 24. Ra2 Bd7 25. Nb3 Bg4 26. Rxa5 Rxa5
27. Nxa5 Bxf3 28. gxf3 Nxe5 29. f4 Nf3+ 30. Ke2 Ng1+ 31. Kf1 Nf3 32. Ke2 Ng1+
1/2-1/2

[Event "Orsha open A 2019"]
[Site "Orsha"]
[Date "2019.01.24"]
[Round "9.6"]
[White "Galkin, Gleb"]
[Black "Vorobjov, Pavel"]
[Result "0-1"]
[WhiteElo "2156"]
[BlackElo "2296"]
[PlyCount "88"]
[EventDate "2019.01.18"]
[EventType "swiss"]
[EventRounds "9"]
[EventCountry "BLR"]

1. d4 d5 2. Nf3 Nf6 3. c4 c6 4. Nc3 e6 5. e3 Nbd7 6. Qc2 Bd6 7. b3 O-O 8. Be2
b6 9. O-O Bb7 10. Bb2 Rc8 11. Rad1 c5 12. cxd5 exd5 13. Rfe1 Qe7 14. Bf1 Rfd8
15. g3 Ne4 16. Qb1 Ndf6 17. Bh3 Nxc3 18. Bxc3 Ne4 19. Bb2 Qf6 20. Bg2 c4 21.
Re2 c3 22. Bc1 c2 23. Rxc2 Nc3 24. Rxc3 Rxc3 25. Bb2 Rc7 26. Ne5 Qe6 27. Bf3 f6
28. Bg4 Qe8 29. Nd3 Qe4 30. Bh3 Qe8 31. Bg4 Bc8 32. Bf3 Be6 33. Ne1 Qg6 34.
Qxg6 hxg6 35. Be2 g5 36. Bd3 Kf7 37. f3 g4 38. f4 g6 39. Rd2 Bb4 40. Re2 Bxe1
41. Rxe1 Bf5 42. Bxf5 gxf5 43. Re2 Rdc8 44. Ba3 Rc2 0-1

[Event "Orsha open A 2019"]
[Site "Orsha"]
[Date "2019.01.24"]
[Round "9.7"]
[White "Afonasieva, Anna"]
[Black "Ghevondyan, Arman"]
[Result "1-0"]
[WhiteElo "2265"]
[BlackElo "1679"]
[PlyCount "71"]
[EventDate "2019.01.18"]
[EventType "swiss"]
[EventRounds "9"]
[EventCountry "BLR"]

1. d4 Nf6 2. c4 g6 3. Nc3 d5 4. cxd5 Nxd5 5. e4 Nb6 6. h3 Bg7 7. Nf3 O-O 8. Be2
Nc6 9. Be3 Na5 10. b3 c5 11. Rc1 cxd4 12. Nxd4 Nc6 13. Nxc6 bxc6 14. O-O Bb7
15. a4 Nc8 16. Bc5 Nd6 17. Bd3 Qc7 18. Qe2 Rfd8 19. e5 Nc8 20. f4 f5 21. Bc4+
Kh8 22. h4 Nb6 23. Bf7 Rf8 24. e6 Bf6 25. h5 Kg7 26. g4 fxg4 27. Qxg4 Rxf7 28.
exf7 Kxf7 29. hxg6+ hxg6 30. Ne4 Bc8 31. Ng5+ Bxg5 32. fxg5+ Kg8 33. Qh4 Nd5
34. Bd4 e5 35. Qh6 Bf5 36. Rxf5 1-0

[Event "Orsha open A 2019"]
[Site "Orsha"]
[Date "2019.01.24"]
[Round "9.9"]
[White "Strybuk, Artsiom I"]
[Black "Mihajlovskij, Sergei"]
[Result "1-0"]
[WhiteElo "2110"]
[BlackElo "2406"]
[PlyCount "51"]
[EventDate "2019.01.18"]
[EventType "swiss"]
[EventRounds "9"]
[EventCountry "BLR"]

1. d4 Nf6 2. c4 e6 3. Nc3 Bb4 4. e3 O-O 5. Nge2 Re8 6. a3 Bf8 7. g3 d6 8. e4 c5
9. Bg2 Nc6 10. O-O a6 11. h3 Rb8 12. Be3 e5 13. dxc5 dxc5 14. Nd5 h6 15. Kh2 b5
16. cxb5 axb5 17. Rc1 Nd4 18. b4 Nxd5 19. exd5 cxb4 20. Bxd4 exd4 21. axb4 Bxb4
22. Nxd4 Rb6 23. Nc6 Qd6 24. Qd4 Rxc6 25. Rxc6 Qf8 26. d6 1-0

[Event "Orsha open A 2019"]
[Site "Orsha"]
[Date "2019.01.24"]
[Round "9.10"]
[White "Navumenka, Mikhei"]
[Black "Aliakbarov, Anar"]
[Result "1/2-1/2"]
[WhiteElo "2104"]
[BlackElo "2282"]
[PlyCount "91"]
[EventDate "2019.01.18"]
[EventType "swiss"]
[EventRounds "9"]
[EventCountry "BLR"]

1. d4 Nf6 2. c4 g6 3. Nc3 Bg7 4. Nf3 O-O 5. g3 d6 6. Bg2 Nc6 7. O-O Bf5 8. Nh4
Bd7 9. e4 e5 10. dxe5 dxe5 11. Nd5 Nd4 12. Be3 c6 13. Nxf6+ Bxf6 14. Bxd4 exd4
15. Nf3 c5 16. Ne1 b5 17. b3 bxc4 18. bxc4 Rb8 19. Nd3 Qa5 20. f4 Be6 21. Rc1
Qxa2 22. Rf2 Qb3 23. Qxb3 Rxb3 24. Nxc5 Rc3 25. Ra1 d3 26. e5 Be7 27. Ne4 Rxc4
28. Rxa7 Bd8 29. Ra6 Rb4 30. Rd2 Rb1+ 31. Kf2 Bc4 32. Ra3 Bb6+ 33. Kf3 Re1 34.
Raxd3 Bxd3 35. Nf6+ Kg7 36. Rxd3 Rd8 37. Rb3 Bg1 38. h4 h5 39. g4 hxg4+ 40.
Kxg4 Re3 41. Rxe3 Bxe3 42. h5 Rd4 43. Be4 gxh5+ 44. Nxh5+ Kf8 45. Nf6 Rd2 46.
Bf3 1/2-1/2